| 000 | 00465nam a2200169Ia 4500 | ||
|---|---|---|---|
| 008 | 230714s9999 xx 000 0 und d | ||
| 020 | _a9790000000000 | ||
| 041 | _aeng | ||
| 082 |
_a621.1 _bISR |
||
| 100 |
_aIsrani A.R. _9195992 |
||
| 245 | _aBasic Mechanical Engineering | ||
| 260 |
_c2011 _bBS Publications |
||
| 300 | _a652 | ||
| 365 |
_cRs. _b325.00 |
||
| 700 |
_aIsrani A.R. & Shah P.K. _9195993 |
||
| 906 |
_dO:0384424-Apr-2014B:IN 101-Apr-2014 _cMECH _b260 |
||
| 999 |
_c211515 _d211515 |
||